000 00803nam a22002411u 4500
001 05909
003 HDC
007 cr bn ---aaaaa
008 210121p2008 | d 00 engg
040 _aHDC
245 0 _aMALAYSIA EXTERNAL TRADE STATISTICS - JUNE 2008
260 _a[no place] :
_b[publisher not identified],
_c2008
300 _a 1 online resource (7 pages)
336 _atext
_2rdacontent
337 _acomputer
_2rdamedia
338 _aonline resource
_2rdacarrier
650 _aExport products
_96236
650 _aExternal trade
_zMalaysia
_96235
856 _zRequest full-text at [email protected]
942 _2lcc
942 _cEIS
942 _kREPT 000229
999 _c3233
_d3233